| 000 | 01152nam a22003617a 4500 | ||
|---|---|---|---|
| 003 | CHAP | ||
| 005 | 20220817044125.0 | ||
| 008 | 060912d2006 it rn 00110 fre d | ||
| 010 | _a92716 | ||
| 011 | _a93688 | ||
| 020 | _a9252054758 | ||
| 035 | _a104268 | ||
| 040 | _cCHAP | ||
| 082 | 0 | 4 |
_a641.1 _bF30 2006 |
| 110 | 0 |
_aFAO. Comisión del Codex Alimentarius _939482 |
|
| 245 | 1 | 0 |
_aCodex alimentarius : _baliments issus de l'agriculture biologique _c/par FAO. Comisión del Codex Alimentarius |
| 250 | _a10 ed. | ||
| 260 |
_aRome : _bFAO, _c2006. |
||
| 300 | _a67 p. p. : | ||
| 410 | 2 | 0 | _aFAO |
| 490 | _aPrograma conjunto FAO/OMS sobre normas alimentarias | ||
| 590 |
_aBATCH-UPD _b10 _c20130110 _lUCH01 _h0843 |
||
| 590 |
_aCONVERSION _b10 _c20130109 _lUCH01 _h1351 |
||
| 650 | 1 | 4 |
_aAgricultura alternativa. _91943 |
| 650 | 1 | 4 |
_aAlimentos _xNormas de calidad. _94256 |
| 650 | 1 | 4 |
_aInocuidad alimentaria. _958836 |
| 810 | 0 | _aFAO | |
| 830 | 0 |
_aPrograma conjunto FAO/OMS sobre normas alimentarias _992254 |
|
| 901 | _aBK | ||
| 905 | _aLilia | ||
| 942 | _cLIBRO | ||
| 949 |
_a641.1 F30 2006 _bBC _cFAO _d33724000992897 _eFAO1 _h108217 _i104268 _sb |
||
| 999 |
_c92716 _d92716 |
||